История России: #12: Михаил Федорович - Statistics

General Stats
  • This quiz has been taken 97 times
    91 since last reset
  • The average score is 13 of 38
Answer Stats
Вопрос Ответ % Correct
Восшествие на престол 1613
71%
Деулинское перемирие 1618
69%
Город, осада которого во времярусско-польской войны обернулась катастрофой для русской армии Смоленск
65%
Столбовский мир 1617
65%
Смерть Михаила Федоровича 1645
65%
Церковное имя отца Михаила Филарет
64%
Воевода возглавлявшийрусскую армию во время русско-польской войны М.Б. Шеин
58%
Род деятельности отца Михаила Федоровича Патриарх
58%
Институт, избравший МихаилаФедоровича Земский Собор
56%
Мифический персонаж, спасшийбудущего Царя от поляков Иван Сусанин
56%
Договор, завершивший русско-польскую войну Поляновский мир
53%
Азовское сидение 1637-1642
49%
Русско-польская война, начатаякак реванш за Смутное время 1632-1634
47%
Город, где находился Михаил Федорович на момент избрания новым царем Кострома
40%
Разгром восстания атамана И.М.Заруцкого 1614
40%
Польский король, с именем которого связан главный итог русско-польской войны Владислав IV
40%
Название оборонительных линий,возводимых для защиты от набегов кочевников Засечная черта
38%
Кремлевская башня, сильноперестроенная в правление Михаила Федоровича Спасская башня
36%
Город, ставший центром новой оборонительной линии на южных рубежах Белгород
33%
Глава основной административно-территориальной единицы Воевода
33%
Город, где была основна первая железоделательная мануфактура России Тула
29%
Парадные царские покои,построенные в Кремле в 1630-х Теремной дворец
25%
Разгром бандитов атаманаБаловня 1615
25%
Расторжение помолвки с М.И.Хлопова 1616
25%
Большой московский пожар 1626
25%
Церковь-эталон московскогоузорочья, выстроена ярославскими купцами в Китай-городе Церковь Троицы в Никитниках
20%
Архитектор новой царской резиденции в Кремле Бажен Огурцов
18%
Дело Марии Хлоповой 1623
18%
Церковь, возведенная ДмитриемПожарским в честь победы под Москвой в 1612 Казанский собор
16%
Придворная группировка, сильновоздействующая на царя в первые годы правления Салтыковы
15%
Крупные регионы, присоединенныек России на востоке Якутия, земли вдоль Яика, Прибайкалье
13%
Летопись, обосновывающая праваРомановых на престол Новый Летописец
11%
Основная мера кадастрового учета, установленная после восстановления порядка Писцовые книги
7%
Основные налоги, установленныепосле восстановления порядка Стрелецкие и ямскиеденьги
7%
Глава посольского приказа И.Т. Грамотин
5%
Временные налоги, введенные после Смуты Запросные и пятинныеденьги
5%
Временная мера кадастрового учета, введенная после Смуты Дозорные книги
4%
Автор произведения о Троицкойосаде Авраамий Палицкий
4%
No matching quizzes found
Score Distribution
Percent of People with Each Score
Percentile by Number Answered
Your Score History
You have not taken this quiz since the last reset